[Event "Arco op 45th"]
[Site "Arco"]
[Date "2023.10.14"]
[Round "8"]
[White "Tomasi, Diego"]
[Black "Saroldi, Giacomo"]
[Result "0-1"]
[WhiteElo "1893"]
[BlackElo "1696"]
[PlyCount "161"]
[EventDate "2023.10.07"]
[EventType "swiss"]
[EventRounds "9"]
[EventCountry "ITA"]
[SourceTitle "CBM 216 Extra"]
[Source "ChessBase"]
[SourceDate "2023.11.30"]
[SourceVersion "1"]
[SourceVersionDate "2023.11.30"]
[SourceQuality "1"]

1. f4 Nh6 2. Nf3 d5 3. g3 g6 4. d3 d4 5. e4 dxe3 6. Bxe3 Nf5 7. Bf2 Bg7 8. c3 Nd7 9. d4 b6 10. Bg2 Bb7 11. Qb3 0-0 12. 0-0 Nf6 13. h3 h5 14. Nbd2 Rb8 15. Rfe1 e6 16. Rad1 Nd7 17. Ng5 Bxg2 18. Kxg2 Nf6 19. Ndf3 Qd5 20. c4 Qb7 21. Kg1 Nd6 22. Ne5 Nfe4 23. Nd7 Nxg5 24. fxg5 Ne4 25. Qe3 c5 26. Qxe4 Qxd7 27. dxc5 Qc7 28. cxb6 axb6 29. b3 Rfd8 30. Rxd8+ Rxd8 31. Kg2 Rd2 32. Re2 Qd8 33. h4 Rd1 34. Qc2 Qa8+ 35. Qe4 Qd8 36. b4 Ra1 37. Rc2 Qd1 38. Kh2 Qb1 39. Re2 Qxb4 40. Bd4 Bxd4 41. Qxd4 Qb1 42. Qe4 Qxe4 43. Rxe4 Rxa2+ 44. Kg1 Kf8 45. Re5 Ra5 46. Re3 Rc5 47. Rb3 Rc6 48. Kf2 Ke7 49. Ke3 e5 50. Ke4 Ke6 51. Rb4 f6 52. gxf6 Kxf6 53. Kd5 Re6 54. Ke4 Rd6 55. Ke3 Kf5 56. Ke2 Rc6 57. Ke3 Re6 58. Ke2 e4 59. Rb5+ Kg4 60. Rg5+ Kh3 61. Ke3 Kg2 62. g4 hxg4 63. Rxg4+ Kh3 64. Rf4 Kg3 65. Rf8 Kxh4 66. Kf4 Kh3 67. Rh8+ Kg2 68. Ke3 Kg3 69. Rc8 g5 70. c5 bxc5 71. Rxc5 g4 72. Rc1 Kg2 73. Rc2+ Kh3 74. Rc7 g3 75. Rh7+ Kg2 76. Rg7 Kh2 77. Rh7+ Kg1 78. Rg7 g2 79. Rg5 Rh6 80. Rg4 Kh2 81. Kf2 0-1

[Event "Porto San Giorgio op"]
[Site "Porto San Giorgio"]
[Date "2020.08.24"]
[Round "3"]
[White "Bettalli, Francesco"]
[Black "Tomasi, Diego"]
[Result "1-0"]
[WhiteElo "2208"]
[BlackElo "1916"]
[PlyCount "109"]
[EventDate "2020.08.22"]
[EventType "swiss"]
[EventRounds "7"]
[EventCountry "ITA"]
[SourceTitle "CBM 198 Extra"]
[Source "ChessBase"]
[SourceDate "2020.11.30"]
[SourceVersion "1"]
[SourceVersionDate "2020.11.30"]
[SourceQuality "1"]

1. e4 d5 2. exd5 Qxd5 3. Nf3 Bg4 4. Be2 Nc6 5. d4 0-0-0 6. c4 Qd7 7. d5 Bxf3 8. gxf3 Nb8 9. Nc3 e6 10. Nb5 Bc5 11. Be3 a6 12. Bxc5 axb5 13. cxb5 Qxd5 14. Qc2 Nd7 15. Be3 Ne7 16. Rc1 c6 17. bxc6 Nxc6 18. Bf4 e5 19. Rd1 Qc5 20. Qxc5 Nxc5 21. Be3 Ne6 22. Bb6 Rxd1+ 23. Bxd1 Nf4 24. Bb3 f6 25. Kd2 Kd7 26. Ke3 Rc8 27. Rd1+ Ke8 28. Rc1 Kd7 29. a3 Ke8 30. Bc4 Ne7 31. Bb5+ Nc6 32. Rd1 Ne6 33. b4 Ke7 34. Rc1 Na7 35. Rxc8 Nxc8 36. Bc5+ Nxc5 37. bxc5 Na7 38. Bd3 Nc6 39. Bxh7 Ke6 40. Bg8+ Kd7 41. Bd5 Na5 42. f4 exf4+ 43. Kxf4 g6 44. h4 Ke7 45. Ke4 Kf8 46. Kd4 Ke7 47. f4 Kd7 48. Kc3 Nc6 49. Bxc6+ Kxc6 50. Kc4 Kc7 51. a4 Kc6 52. a5 Kc7 53. Kd5 Kd7 54. f5 g5 55. h5 1-0

[Event "Cesenatico op 17th"]
[Site "Cesenatico"]
[Date "2013.08.31"]
[Round "1"]
[White "Tomasi, Diego"]
[Black "De Santis, Alessio"]
[Result "0-1"]
[WhiteElo "1986"]
[BlackElo "2289"]
[PlyCount "78"]
[EventDate "2013.08.31"]
[EventType "swiss"]
[EventRounds "9"]
[EventCountry "ITA"]
[SourceTitle "CBM 156 Extra"]
[Source "ChessBase"]
[SourceDate "2013.10.22"]
[SourceVersion "1"]
[SourceVersionDate "2013.10.22"]
[SourceQuality "1"]

1. e4 b6 2. d4 Bb7 3. Bd3 Nf6 4. Qe2 Nc6 5. c3 e5 6. Nf3 Bd6 7. 0-0 0-0 8. Na3 Re8 9. d5 Ne7 10. Qc2 Nexd5 11. exd5 e4 12. Bxe4 Nxe4 13. c4 c6 14. dxc6 Bxc6 15. Nb5 Bc5 16. Nbd4 Bb7 17. Be3 Qf6 18. Rfd1 h6 19. a3 Nd6 20. Ne1 Bxd4 21. Rxd4 Nf5 22. Rxd7 Bc6 23. Rd2 Nxe3 24. fxe3 Rxe3 25. Rf2 Qe7 26. Nf3 Bxf3 27. gxf3 Re8 28. Raf1 Qc5 29. b4 Qd4 30. Rd1 Qf4 31. Rdf1 Rxa3 32. Qb2 Qe3 33. Kh1 Rb3 34. Qa2 Rxb4 35. Qxa7 Rxc4 36. Rg2 Rc1 37. Rxc1 Qxc1+ 38. Rg1 Qe3 39. Qb7 Re6 0-1

[Event "Arco op 30th"]
[Site "Arco"]
[Date "2008.10.23"]
[Round "6"]
[White "Tomasi, Diego"]
[Black "Fragni, Enrico"]
[Result "1-0"]
[WhiteElo "2002"]
[BlackElo "1784"]
[PlyCount "123"]
[EventDate "2008.10.18"]
[EventType "swiss"]
[EventRounds "9"]
[EventCountry "ITA"]
[SourceTitle "CBM 127 Extra"]
[Source "ChessBase"]
[SourceDate "2009.01.08"]
[SourceVersion "2"]
[SourceVersionDate "2009.01.28"]
[SourceQuality "1"]

1. f4 d6 2. Nf3 Bg4 3. e3 Nd7 4. Bb5 e6 5. 0-0 Be7 6. h3 Bxf3 7. Qxf3 c6 8. d4 Ngf6 9. b3 Qc7 10. Bb2 d5 11. Bd3 g6 12. Nd2 Bb4 13. c3 Bf8 14. e4 dxe4 15. Nxe4 Nxe4 16. Bxe4 Nf6 17. Bc2 Bd6 18. c4 Nh5 19. g3 0-0-0 20. d5 Rhg8 21. Rae1 exd5 22. cxd5 Bc5+ 23. Kg2 Rxd5 24. Rd1 Rxd1 25. Rxd1 f6 26. Qg4+ Kb8 27. Rd7 Qa5 28. Qd1 Bb6 29. Rxh7 Rd8 30. Rd7 Rxd7 31. Qxd7 a6 32. Bxg6 Ka7 33. Bxh5 Qxh5 34. Qd2 Qf5 35. h4 Qe4+ 36. Kh3 f5 37. Be5 Qh1+ 38. Qh2 Qf1+ 39. Qg2 Qd1 40. Bf6 Bg1 41. g4 Qd3+ 42. Qg3 Qf1+ 43. Qg2 fxg4+ 44. Kg3 Qd1 45. Be5 Bb6 46. h5 Qd7 47. Qe2 Qf5 48. Qxg4 Qd3+ 49. Qf3 Qb1 50. Qg2 Qf5 51. Qf3 Qe6 52. Qg4 Qd5 53. h6 Qd3+ 54. Kh4 Bd8+ 55. Kh5 Qd5 56. h7 Qh1+ 57. Kg6 Qe4+ 58. Kg7 Bc7 59. Qg1+ b6 60. Qg5 Bxe5+ 61. fxe5 c5 62. h8Q 1-0

[Event "Arco op 30th"]
[Site "Arco"]
[Date "2008.10.21"]
[Round "4"]
[White "Tomasi, Diego"]
[Black "Tocco, Paolo"]
[Result "1/2-1/2"]
[WhiteElo "2002"]
[BlackElo "2156"]
[PlyCount "47"]
[EventDate "2008.10.18"]
[EventType "swiss"]
[EventRounds "9"]
[EventCountry "ITA"]
[SourceTitle "CBM 127 Extra"]
[Source "ChessBase"]
[SourceDate "2009.01.08"]
[SourceVersion "2"]
[SourceVersionDate "2009.01.28"]
[SourceQuality "1"]

1. Nf3 f5 2. d3 Nf6 3. e4 d6 4. exf5 Bxf5 5. d4 Nc6 6. Bd3 Qd7 7. c3 0-0-0 8. 0-0 e5 9. Bxf5 Qxf5 10. d5 Ne7 11. c4 h6 12. Nc3 Kb8 13. Be3 Ng4 14. Qb1 g5 15. Qxf5 Nxf5 16. Bd2 Nf6 17. Be3 Bg7 18. Rad1 Rhe8 19. Rfe1 Nxe3 20. fxe3 Rf8 21. Rf1 Rde8 22. e4 a5 23. g3 Nd7 24. Nd2 1/2-1/2

[Event "Salsomaggiore Terme op 8th"]
[Site "Salsomaggiore Terme"]
[Date "2004.??.??"]
[Round "1"]
[White "Di Paolo, Raffaele"]
[Black "Tomasi, Diego"]
[Result "1-0"]
[WhiteElo "2345"]
[BlackElo "2030"]
[PlyCount "69"]
[EventDate "2004.05.??"]
[EventType "swiss"]
[EventRounds "6"]
[EventCountry "ITA"]
[SourceTitle "EXT 2007"]
[Source "ChessBase"]
[SourceDate "2006.11.23"]
[SourceVersion "1"]
[SourceVersionDate "2006.11.23"]
[SourceQuality "1"]

1. e4 d6 2. d4 Nf6 3. Nc3 g6 4. Nf3 Bg7 5. h3 c6 6. a4 0-0 7. Be3 Nbd7 8. a5 e5 9. dxe5 dxe5 10. Bc4 Qe7 11. 0-0 Rd8 12. Ng5 Nf8 13. Qb1 Be6 14. Qa2 Bxc4 15. Qxc4 h6 16. Nf3 Qe6 17. Qxe6 Nxe6 18. a6 bxa6 19. Nxe5 c5 20. Nc6 Rd7 21. e5 Ne8 22. Rfd1 Rb7 23. b3 Bf8 24. Nd5 h5 25. Rxa6 N6c7 26. Nxc7 Nxc7 27. Ra4 Nb5 28. Rda1 Rc7 29. Ra6 Rd7 30. e6 fxe6 31. Ne5 Rdd8 32. Rxe6 Re8 33. Rxe8 Rxe8 34. Nxg6 Bg7 35. Ra5 1-0

[Event "Salsomaggiore Terme op 8th"]
[Site "Salsomaggiore Terme"]
[Date "2004.??.??"]
[Round "2"]
[White "Tomasi, Diego"]
[Black "Bocci, Alessandro"]
[Result "1-0"]
[WhiteElo "2030"]
[BlackElo "1780"]
[PlyCount "71"]
[EventDate "2004.05.??"]
[EventType "swiss"]
[EventRounds "6"]
[EventCountry "ITA"]
[SourceTitle "EXT 2007"]
[Source "ChessBase"]
[SourceDate "2006.11.23"]
[SourceVersion "1"]
[SourceVersionDate "2006.11.23"]
[SourceQuality "1"]

1. Nf3 d5 2. g3 Nf6 3. Bg2 Bf5 4. 0-0 e6 5. d4 c5 6. c4 Nc6 7. cxd5 exd5 8. Nc3 c4 9. Bg5 Be7 10. Ne5 Be6 11. Qa4 Qb6 12. Bxf6 Bxf6 13. Nxd5 Bxd5 14. Bxd5 Bxe5 15. dxe5 0-0 16. Bxc6 bxc6 17. Qxc4 Qxb2 18. f4 Qb5 19. Rac1 Rfd8 20. a4 Qxc4 21. Rxc4 Rd2 22. Kf2 Rb8 23. Rxc6 g6 24. e6 fxe6 25. Rxe6 Kf7 26. Re5 Rb4 27. a5 Ra4 28. Rc1 Rd7 29. Rec5 Ke7 30. Re5+ Kf7 31. Rc8 Ra2 32. h4 h5 33. Rc6 Rb2 34. Ree6 Rdd2 35. Rf6+ Ke7 36. Rce6+ 1-0

[Event "Budapest FS08 FM-B"]
[Site "Budapest"]
[Date "2003.08.14"]
[Round "13"]
[White "Tomasi, Diego"]
[Black "Czimer, Jozsef"]
[Result "1/2-1/2"]
[WhiteElo "2030"]
[BlackElo "1993"]
[PlyCount "105"]
[EventDate "2003.08.02"]
[EventType "tourn"]
[EventRounds "13"]
[EventCountry "HUN"]
[SourceTitle "CBM 095 Extra"]
[Source "ChessBase"]
[SourceDate "2003.09.04"]
[SourceVersion "1"]
[SourceVersionDate "2003.09.04"]
[SourceQuality "1"]

1. c4 g6 2. Nc3 Bg7 3. Nf3 c5 4. g3 Nc6 5. Bg2 d6 6. 0-0 Bd7 7. a3 Rb8 8. h3 a6 9. Rb1 b5 10. cxb5 axb5 11. b4 cxb4 12. axb4 e5 13. d3 Nge7 14. Ne4 Qc7 15. Bg5 Nd5 16. Qc1 h6 17. Bd2 Rc8 18. Nc3 Nxc3 19. Bxc3 0-0 20. Qb2 Qb6 21. Rfd1 Nd4 22. Nxd4 exd4 23. Bd2 Bc6 24. Rbc1 Bxg2 25. Kxg2 Qb7+ 26. Kg1 Qd5 27. Kh2 h5 28. Rxc8 Rxc8 29. Rc1 Re8 30. Re1 Ra8 31. Qc1 Kh7 32. Qc7 Ra2 33. Bf4 Be5 34. Bg5 Kg7 35. h4 Bf6 36. Bf4 Qe6 37. Qxd6 Rxe2 38. Qxe6 Rxe6 39. Rxe6 fxe6 40. Bd6 Kf7 41. Kg2 e5 42. Kf3 Ke6 43. Bf8 Kf5 44. Bd6 Bg7 45. Be7 Bh6 46. Bd6 Bc1 47. Bc5 Bb2 48. Bd6 Ke6 49. Bf8 Kd5 50. Be7 Bc3 51. Bf8 Bb2 52. Be7 Bc1 53. Bf8 1/2-1/2

[Event "Budapest FS08 FM-B"]
[Site "Budapest"]
[Date "2003.08.05"]
[Round "4"]
[White "Tomasi, Diego"]
[Black "Casagrande, Fabio"]
[Result "1/2-1/2"]
[WhiteElo "2030"]
[BlackElo "2031"]
[PlyCount "20"]
[EventDate "2003.08.02"]
[EventType "tourn"]
[EventRounds "13"]
[EventCountry "HUN"]
[SourceTitle "CBM 095 Extra"]
[Source "ChessBase"]
[SourceDate "2003.09.04"]
[SourceVersion "1"]
[SourceVersionDate "2003.09.04"]
[SourceQuality "1"]

1. e4 e6 2. d4 d5 3. exd5 exd5 4. Bd3 Bd6 5. Nf3 Bg4 6. 0-0 Nc6 7. Re1+ Nge7 8. c3 Qd7 9. b4 0-0-0 10. b5 Na5 1/2-1/2

[Event "Budapest FS08 FM-B"]
[Site "Budapest"]
[Date "2003.08.03"]
[Round "2"]
[White "Tomasi, Diego"]
[Black "Hoang, Tri"]
[Result "1/2-1/2"]
[WhiteElo "2030"]
[BlackElo "2060"]
[PlyCount "83"]
[EventDate "2003.08.02"]
[EventType "tourn"]
[EventRounds "13"]
[EventCountry "HUN"]
[SourceTitle "CBM 095 Extra"]
[Source "ChessBase"]
[SourceDate "2003.09.04"]
[SourceVersion "1"]
[SourceVersionDate "2003.09.04"]
[SourceQuality "1"]

1. c4 c6 2. e4 e5 3. Nf3 d6 4. Nc3 Nf6 5. d4 Qc7 6. Be2 Be7 7. 0-0 0-0 8. h3 h6 9. Be3 Nbd7 10. b4 b6 11. Rc1 c5 12. Nd5 Nxd5 13. cxd5 Rd8 14. dxe5 dxe5 15. Nd2 Qb7 16. b5 Nf6 17. Bc4 Qd7 18. a4 Bb7 19. Qf3 Qd6 20. Bd3 Nd7 21. Nc4 Qf6 22. Qg3 Qh4 23. Qxh4 Bxh4 24. Nd6 Rab8 25. f4 Bg3 26. Nf5 exf4 27. Bxf4 Bxf4 28. Rxf4 Ne5 29. Be2 Ng6 30. Rf2 Bc8 31. Bc4 Bxf5 32. Rxf5 f6 33. Be2 Ne5 34. h4 Re8 35. g3 Re7 36. Bc4 Kh8 37. Ba2 Rbe8 38. Rd1 Rd8 39. Bb1 Nc4 40. Rf2 Nd6 41. Re2 Rde8 42. Rde1 1/2-1/2

[Event "Estensi op"]
[Site "Estensi"]
[Date "2001.06.08"]
[Round "7"]
[White "Trabert, Bettina"]
[Black "Tomasi, Diego"]
[Result "1-0"]
[WhiteElo "2269"]
[BlackElo "2042"]
[PlyCount "53"]
[EventDate "2001.06.02"]
[EventType "swiss"]
[EventRounds "9"]
[EventCountry "ITA"]
[SourceTitle "CBM 082 Extra"]
[Source "ChessBase"]
[SourceDate "2001.07.03"]
[SourceVersion "1"]
[SourceVersionDate "2001.07.03"]
[SourceQuality "1"]

1. e4 e6 2. d4 d5 3. Nd2 dxe4 4. Nxe4 Nd7 5. Nf3 Ngf6 6. Nxf6+ Nxf6 7. Bd3 c5 8. 0-0 cxd4 9. Nxd4 Bc5 10. Nb3 Be7 11. c4 0-0 12. Bf4 Bd7 13. Qe2 Ba4 14. Rac1 Rc8 15. Be5 Bxb3 16. axb3 Qb6 17. Rc3 Rfd8 18. Bc2 Qc6 19. Rh3 g6 20. Bc3 Rd7 21. Re1 Qc5 22. Rf3 Ne8 23. Rxf7 Kxf7 24. Qxe6+ Kf8 25. Qxd7 Rc7 26. Qe6 Rc6 27. Qe4 1-0

[Event "Estensi op"]
[Site "Estensi"]
[Date "2001.06.02"]
[Round "1"]
[White "Tomasi, Diego"]
[Black "Ristic, Nenad"]
[Result "0-1"]
[WhiteElo "2042"]
[BlackElo "2425"]
[PlyCount "66"]
[EventDate "2001.06.02"]
[EventType "swiss"]
[EventRounds "9"]
[EventCountry "ITA"]
[SourceTitle "CBM 082 Extra"]
[Source "ChessBase"]
[SourceDate "2001.07.03"]
[SourceVersion "1"]
[SourceVersionDate "2001.07.03"]
[SourceQuality "1"]

1. e4 c5 2. d4 cxd4 3. c3 Nf6 4. e5 Nd5 5. cxd4 e6 6. Nc3 Nxc3 7. bxc3 Qc7 8. Bd2 d6 9. f4 Be7 10. Nf3 0-0 11. Bd3 b6 12. Qe2 Bb7 13. 0-0 Nd7 14. h4 Rac8 15. h5 Bd5 16. h6 g6 17. Nh2 Rfd8 18. Ng4 Bc4 19. Nf2 Bxd3 20. Nxd3 Bf8 21. exd6 Qxd6 22. Ne5 Bxh6 23. g4 Bg7 24. Nf3 Nf6 25. Ne5 Qd5 26. Rfe1 h5 27. f5 exf5 28. gxf5 gxf5 29. Rac1 Ne4 30. Qg2 Nxd2 31. Qxd2 Bxe5 32. Qg5+ Bg7 33. Re5 Qf3 0-1

[Event "Salsomaggiore Terme op 5th"]
[Site "Salsomaggiore Terme"]
[Date "2001.05.??"]
[Round "1"]
[White "Malfagia, Andrea"]
[Black "Tomasi, Diego"]
[Result "1-0"]
[WhiteElo "2243"]
[BlackElo "2042"]
[PlyCount "85"]
[EventDate "2001.05.??"]
[EventType "swiss"]
[EventRounds "6"]
[EventCountry "ITA"]
[SourceTitle "EXT 2024"]
[Source "ChessBase"]
[SourceDate "2023.10.10"]
[SourceVersion "1"]
[SourceVersionDate "2023.10.10"]
[SourceQuality "1"]

1. e4 e6 2. d4 d5 3. e5 c5 4. c3 Nc6 5. Be3 cxd4 6. cxd4 Qb6 7. Qd2 Bd7 8. Nc3 Rc8 9. Nf3 Na5 10. Rc1 Nc4 11. Bxc4 Rxc4 12. 0-0 Bb4 13. Qd3 Bxc3 14. Rxc3 Bb5 15. Rfc1 Ne7 16. Nd2 Rxc3 17. Qxc3 Qc6 18. Nb3 Qxc3 19. Rxc3 Bc6 20. Bg5 h6 21. Bxe7 Kxe7 22. f4 Rc8 23. Kf2 b6 24. Ke1 Kd7 25. Kd2 Rg8 26. Na1 Bb5 27. Nc2 g5 28. Rg3 Ke7 29. Ne3 Rh8 30. fxg5 hxg5 31. Ng4 Rh4 32. h3 Bc4 33. b3 Bf1 34. Ke3 Rh8 35. Nf6 Rc8 36. Kd2 b5 37. Rxg5 b4 38. Rg3 a5 39. h4 a4 40. h5 axb3 41. h6 Rc2+ 42. Ke1 Bxg2 43. Rg8 1-0

[Event "Salsomaggiore Terme op 5th"]
[Site "Salsomaggiore Terme"]
[Date "2001.05.??"]
[Round "2"]
[White "Tomasi, Diego"]
[Black "Facchetti, Gianni"]
[Result "1/2-1/2"]
[WhiteElo "2042"]
[BlackElo "2157"]
[PlyCount "50"]
[EventDate "2001.05.??"]
[EventType "swiss"]
[EventRounds "6"]
[EventCountry "ITA"]
[SourceTitle "EXT 2024"]
[Source "ChessBase"]
[SourceDate "2023.10.10"]
[SourceVersion "1"]
[SourceVersionDate "2023.10.10"]
[SourceQuality "1"]

1. e4 e5 2. Nf3 Nc6 3. Bb5 Bc5 4. Bxc6 bxc6 5. d3 d6 6. Bg5 Ne7 7. 0-0 0-0 8. Nbd2 f6 9. Bh4 Qe8 10. Nb3 Bb6 11. Nfd2 Ng6 12. Bg3 f5 13. exf5 Rxf5 14. Nc4 Be6 15. Nxb6 axb6 16. d4 h5 17. h3 h4 18. Bh2 Qf7 19. f3 Rf8 20. dxe5 dxe5 21. Re1 Bd5 22. Nd2 b5 23. b3 b4 24. a4 bxa3 25. Rxa3 Qe7 1/2-1/2

[Event "Salsomaggiore Terme op 5th"]
[Site "Salsomaggiore Terme"]
[Date "2001.05.??"]
[Round "6"]
[White "Tomasi, Diego"]
[Black "Miatello, Alberto"]
[Result "1-0"]
[WhiteElo "2042"]
[BlackElo "1869"]
[PlyCount "45"]
[EventDate "2001.05.??"]
[EventType "swiss"]
[EventRounds "6"]
[EventCountry "ITA"]
[SourceTitle "EXT 2024"]
[Source "ChessBase"]
[SourceDate "2023.10.10"]
[SourceVersion "1"]
[SourceVersionDate "2023.10.10"]
[SourceQuality "1"]

1. e4 c5 2. d4 cxd4 3. c3 dxc3 4. Nxc3 Nc6 5. Bc4 e6 6. Nf3 a6 7. 0-0 Nge7 8. Qe2 b5 9. Bb3 Ng6 10. Rd1 Qc7 11. Be3 Bd6 12. Rac1 Qb8 13. Qd2 Bf4 14. Nxb5 axb5 15. Rxc6 Bxe3 16. fxe3 0-0 17. Rd6 Qb7 18. Qd4 Ra6 19. Rxa6 Qxa6 20. Ne5 Nxe5 21. Qxe5 Qc6 22. Rd6 Qc7 23. Qd4 1-0

[Event "Genova op"]
[Site "Genova"]
[Date "1998.??.??"]
[Round "2"]
[White "Efimov, Igor"]
[Black "Tomasi, Diego"]
[Result "1-0"]
[WhiteElo "2525"]
[BlackElo "2055"]
[PlyCount "39"]
[EventDate "1998.??.??"]
[EventType "swiss"]
[EventRounds "11"]
[EventCountry "ITA"]
[SourceTitle "EXT 2000"]
[Source "ChessBase"]
[SourceDate "1999.11.16"]
[SourceVersion "1"]
[SourceVersionDate "1999.11.16"]
[SourceQuality "1"]

1. d4 d5 2. c4 dxc4 3. e3 Nf6 4. Bxc4 e6 5. Nf3 c5 6. 0-0 cxd4 7. Nxd4 Be7 8. Nc3 a6 9. e4 0-0 10. e5 Nfd7 11. Bf4 Re8 12. Bb3 b5 13. Qf3 Ra7 14. Rfd1 Qb6 15. a4 Bb7 16. Qg3 b4 17. a5 Qd8 18. Nce2 Ba8 19. Bh6 g6 20. Nxe6 1-0